000 00513nam a2200205Ia 4500
003 OSt
005 20230405094229.0
008 210423s2008 xx 000 0 und d
020 _a9781846841705
040 _cAL
041 _aeng
082 _a821.1 ASHG
100 _aASHTON (Gail).
_982966
245 _aChaucers the Canterbury tales.
260 _aLondon
_bContinuum International
_c2008
300 _avi,121
_bPB
365 _b145
_cINR
906 _acanterbury ; Chaucers ; tales.
942 _2ddc
_cBK
999 _c158062
_d158062